[Event "Challenge"]
[Site "http://www.queenalice.com/game.php?id=15598"]
[Date "2005.6.8"]
[Round "-"]
[White "felipepompeo"]
[Black "Gabriel"]
[Result "1-0"]
[WhiteElo "1746"]
[BlackElo "931"]

1. e4 Nc6 2. b3 a6 3. Na3 Nd4 4. Bb2 Ne6 5. e5 c5 6. Bc4 Nf4 7. Qf3 b5 8. Qxa8
Nxg2+ 9. Qxg2 bxc4 10. Nxc4 Nh6 11. e6 fxe6 12. Qf3 Nf5 13. Ne2 Nh4 14. Qh5+ Ng6
15. Nf4 Bb7 16. Rg1 Be4 17. Nxg6 Bxg6 18. Rxg6 Kf7 19. Ne5+ Kg8 20. Rg3 Qb8 21.
Nf7 g6 22. Nh6+ Bxh6 23. Qxh6 Qf4 24. Qg7# 1-0

[Event "AUTO-MASTER-14"]
[Site "http://www.queenalice.com/game.php?id=15607"]
[Date "2005.6.8"]
[Round "1"]
[White "Gebot"]
[Black "felipepompeo"]
[Result "0-1"]
[WhiteElo "1738"]
[BlackElo "1709"]

1. c4 e5 2. a3 a5 3. Nc3 c6 4. g3 d5 5. e3 e4 6. Qh5 Nf6 7. Qe2 Bg4 8. f3 Bh5 9.
Bg2 Be7 10. h4 exf3 11. Bxf3 Bxf3 12. Nxf3 Qd6 13. Rg1 a4 14. d4 dxc4 15. Qxc4
O-O 16. Bd2 b5 17. Qd3 h6 18. e4 Ng4 19. Bf4 Qd7 20. O-O-O Nf2 21. Qe3 Nxd1 22.
Rxd1 b4 23. Ne5 Qb7 24. axb4 Qxb4 25. Rd3 a3 26. bxa3 Rxa3 27. Kc2 Qb3+ 28. Kd2
Qb2+ 29. Ke1 Ra1+ 30. Nd1 Bb4+ 31. Kf1 Qc2 32. Qf3 Ra3 33. Rxa3 Bxa3 34. Nf2 Bc1
35. Bxc1 Qxc1+ 36. Kg2 Qc2 37. g4 Qd2 38. d5 c5 39. Kg3 g5 40. hxg5 Qxg5 41. Nc6
Nxc6 42. dxc6 Rc8 43. Nh3 Qe5+ 44. Kh4 Rxc6 45. g5 c4 46. Qg4 hxg5+ 47. Nxg5
Rh6+ 0-1

[Event "AUTO-MASTER-14"]
[Site "http://www.queenalice.com/game.php?id=15608"]
[Date "2005.6.8"]
[Round "1"]
[White "felipepompeo"]
[Black "Gebot"]
[Result "1-0"]
[WhiteElo "1685"]
[BlackElo "1734"]

1. e4 e5 2. Qh5 d6 3. Bc4 g6 4. Qf3 Nh6 5. d3 Qe7 6. Nc3 Be6 7. Bxe6 Qxe6 8. Nd5
Na6 9. a3 Bg7 10. Bxh6 Bxh6 11. Nh3 O-O-O 12. O-O f5 13. Nc3 f4 14. Rfd1 Rhg8
15. d4 g5 16. g4 c6 17. d5 cxd5 18. Nxd5 Kb8 19. Nb4 Nc5 20. Qe2 Bf8 21. f3 h5
22. Nf2 hxg4 23. Nxg4 Rh8 24. Kg2 Be7 25. a4 Rh4 26. h3 Rdh8 27. Rh1 a5 28. Nd5
Qd7 29. Qb5 Qxb5 30. axb5 Bd8 31. b3 b6 32. b4 axb4 33. Nxb4 Kb7 34. Nd5 R8h7
35. Nb4 Ne6 36. Nc6 Rh8 37. Ra7+ Kc8 38. Ra8+ Kd7 39. Ngxe5+ Kc7 40. Ng6 Bf6 41.
Ra7+ Kc8 42. Nxh8 Bxh8 43. Rd1 Be5 44. Nxe5 dxe5 45. c3 Kb8 46. Re7 Nc7 47. Rdd7
1-0

[Event "AUTO-MASTER-14"]
[Site "http://www.queenalice.com/game.php?id=15621"]
[Date "2005.6.8"]
[Round "1"]
[White "razoman"]
[Black "felipepompeo"]
[Result "1-0"]
[WhiteElo "1759"]
[BlackElo "1680"]

1. e4 e5 2. Nf3 Qe7 3. c3 b6 4. Bc4 Qf6 5. d4 exd4 6. cxd4 Bb7 7. d5 a6 8. Nc3
d6 9. Bg5 Qg6 10. O-O Be7 11. Bxe7 Nxe7 12. Qe2 f6 13. Rac1 c6 14. Rfe1 Nd7 15.
dxc6 Bxc6 16. Nd5 Bxd5 17. Bxd5 Ra7 18. Nh4 Qg5 19. Nf5 Kd8 20. Nxd6 Rf8 21.
Nf7+ Rxf7 22. Bxf7 g6 23. Be6 Nc5 24. Red1+ Nd7 25. Qc4 Qc5 26. Qb3 Qa5 27.
Rxd7+ Rxd7 28. Bxd7 Kxd7 29. Rd1+ Ke8 30. Qe6 Qg5 31. Qxb6 Qe5 32. Rd8+ Kf7 33.
Qb3+ Kg7 34. Qb7 a5 35. Rd7 Kf7 36. Qd5+ Qe6 37. Qxe6+ Kxe6 38. Ra7 Nc6 39. Rxh7
a4 40. Rc7 Nb4 41. a3 Nd3 42. Rb7 Ke5 43. f3 g5 44. b3 Nc5 45. Rb5 Kd4 46. bxa4
Kc4 47. Rb4+ Kc3 48. a5 Nd3 49. Rb6 Nc5 50. Rxf6 Kb3 51. a6 Nd7 52. Rd6 1-0

[Event "AUTO-MASTER-14"]
[Site "http://www.queenalice.com/game.php?id=15622"]
[Date "2005.6.8"]
[Round "1"]
[White "felipepompeo"]
[Black "razoman"]
[Result "0-1"]
[WhiteElo "1704"]
[BlackElo "1745"]

1. e4 c5 2. Nc3 a6 3. a4 Nc6 4. Qh5 e5 5. Nf3 Nf6 6. Qg5 h6 7. Qg3 d6 8. Nd5 Nb4
9. Nxb4 cxb4 10. a5 Nh5 11. Qh4 Qxh4 12. Nxh4 Be7 13. Nf3 O-O 14. b3 Bg4 15. Be2
Nf4 16. Ng1 Nxg2+ 17. Kf1 Bxe2+ 18. Kxg2 Bh5 19. d3 Rac8 20. c4 bxc3 21. Be3 c2
22. Nh3 Bd1 23. Bd2 Rfd8 24. f3 d5 25. Nf2 Be2 26. Rhe1 Bxd3 27. Rec1 dxe4 28.
fxe4 Bf1+ 29. Kxf1 Rxd2 30. Ke1 Bb4 31. Ng4 Rg2+ 32. Kf1 Rxg4 33. Ra2 Rxe4 34.
Raxc2 Rxc2 35. Rxc2 Bxa5 36. Rc8+ Kh7 37. Re8 Bb4 38. Rd8 b6 39. Rb8 Bc5 40. Rb7
Kg6 41. Rd7 Re3 42. Rd5 f6 43. Rd2 Rxb3 44. Rg2+ Kf7 45. Ra2 a5 46. Rd2 Bd4 47.
Rc2 Rb1+ 48. Ke2 Rb2 49. Rxb2 Bxb2 50. Kd3 b5 51. Ke4 Ke6 0-1

[Event "AUTO-MASTER-14"]
[Site "http://www.queenalice.com/game.php?id=15631"]
[Date "2005.6.8"]
[Round "1"]
[White "felipepompeo"]
[Black "waltc"]
[Result "0-1"]
[WhiteElo "1629"]
[BlackElo "1837"]

1. e4 e5 2. Qh5 Nc6 3. Bb5 Nf6 4. Qf5 Qe7 5. Bxc6 bxc6 6. h3 d5 7. Qg5 Nxe4 8.
Qe3 g6 9. d3 Nf6 10. Ne2 Bg7 11. O-O O-O 12. d4 e4 13. Qd2 a5 14. b3 Re8 15. Qc3
Qd7 16. Re1 h6 17. Na3 Kh7 18. Be3 Ng8 19. Qd2 f5 20. c4 g5 21. Bxg5 hxg5 22.
Qxg5 Bh6 23. Qh4 Qe7 24. Qxe7+ Rxe7 25. g3 f4 26. Kh2 f3 27. Nf4 Bxf4 28. gxf4
a4 29. Nc2 axb3 30. axb3 Rxa1 31. Rxa1 Nh6 32. cxd5 cxd5 33. b4 Nf5 34. b5 Rg7
35. Rg1 Bd7 36. Nb4 Be6 37. Na6 Nxd4 38. Rxg7+ Kxg7 39. Nxc7 Kf7 40. b6 Nc6 41.
Na6 d4 42. Nc5 Bf5 43. Nb3 e3 44. fxe3 dxe3 45. b7 e2 46. Nd4 e1=Q 47. Nxc6 Qf2+
0-1

[Event "AUTO-MASTER-14"]
[Site "http://www.queenalice.com/game.php?id=15632"]
[Date "2005.6.8"]
[Round "1"]
[White "waltc"]
[Black "felipepompeo"]
[Result "1-0"]
[WhiteElo "2022"]
[BlackElo "1682"]

1. e4 e5 2. Nf3 d6 3. d4 exd4 4. Nxd4 Nf6 5. Nc3 a6 6. Be2 Be7 7. O-O h6 8. Be3
h5 9. Bg5 Ng4 10. Bxe7 Qxe7 11. Nd5 Qd8 12. Nf5 Bxf5 13. exf5 c6 14. Bxg4 cxd5
15. Re1+ Kf8 16. Bxh5 Qh4 17. Qxd5 Qxh5 18. Qxd6+ Kg8 19. Re8+ Kh7 20. Re3 Qxf5
21. Rh3+ Qxh3 22. gxh3 g6 23. Qe7 Nc6 24. Qxf7+ Kh6 25. Qxb7 Nd4 26. Qe4 Nf5 27.
Qf4+ Kg7 28. Rd1 Rad8 29. Qc7+ Kh6 30. Rxd8 Rxd8 31. Qxd8 Kh5 32. f4 1-0

[Event "AUTO-ADV-46"]
[Site "http://www.queenalice.com/game.php?id=15669"]
[Date "2005.6.9"]
[Round "1"]
[White "felipepompeo"]
[Black "Kouvitch"]
[Result "0-1"]
[WhiteElo "1730"]
[BlackElo "1790"]

1. e4 Nf6 2. d3 e5 3. Bg5 Be7 4. Bxf6 Bxf6 5. Nc3 c6 6. Nf3 O-O 7. Be2 d5 8.
exd5 cxd5 9. O-O Nc6 10. h3 Bf5 11. g4 Be6 12. a3 Be7 13. Qd2 f5 14. Kg2 fxg4
15. hxg4 Bxg4 16. Nh2 Be6 17. Bg4 Qd7 18. Bxe6+ Qxe6 19. f3 Qg6+ 20. Kh1 Bg5 21.
Qg2 Ne7 22. Rae1 Rf5 23. Nb5 Qh6 24. d4 Bf4 25. Kg1 Bxh2+ 26. Qxh2 Rg5+ 27. Kh1
Rh5 28. Rf2 Rxh2+ 29. Rxh2 Qb6 30. a4 a6 31. Rxe5 Ng6 32. Rxd5 axb5 33. Rxb5 Qe6
34. Kg2 Qe2+ 35. Kg3 Qe1+ 36. Kh3 Qh4+ 37. Kg2 Nf4+ 38. Kf1 Qxh2 39. Re5 Rxa4
40. Re1 Qg2# 0-1

[Event "AUTO-ADV-46"]
[Site "http://www.queenalice.com/game.php?id=15670"]
[Date "2005.6.9"]
[Round "1"]
[White "Kouvitch"]
[Black "felipepompeo"]
[Result "1-0"]
[WhiteElo "1754"]
[BlackElo "1746"]

1. b4 e5 2. Bb2 Qf6 3. Nf3 d6 4. c4 Bg4 5. d3 Bxf3 6. exf3 Ne7 7. g3 a6 8. Bg2
Nf5 9. f4 Ra7 10. O-O Nd7 11. Re1 Be7 12. Nd2 O-O 13. a3 b6 14. Bc6 Qe6 15. Nf3
Bf6 16. d4 Rd8 17. fxe5 dxe5 18. Bd5 Qe7 19. dxe5 Bh4 20. e6 fxe6 21. Bxe6+ Kf8
22. Bxf5 Qf7 23. Nxh4 g5 24. Be6 Qe7 25. Nf5 Qe8 26. Bg7# 1-0

[Event "AUTO-ADV-46"]
[Site "http://www.queenalice.com/game.php?id=15671"]
[Date "2005.6.9"]
[Round "1"]
[White "felipepompeo"]
[Black "David33"]
[Result "0-1"]
[WhiteElo "1790"]
[BlackElo "1795"]

1. e4 e5 2. Qh5 Nc6 3. Bb5 Nf6 4. Qh4 Nd4 5. Bd3 Be7 6. Qg3 d6 7. h3 Nh5 8. Qh2
Nf4 9. Kd1 O-O 10. Bc4 b5 11. d3 bxc4 12. Bxf4 exf4 13. Ne2 Nxe2 14. Kxe2 cxd3+
15. cxd3 Bf6 16. Nc3 Bxc3 17. bxc3 Qf6 18. d4 Ba6+ 19. Kd2 Rab8 20. Rab1 Qe6 21.
Ra1 Qc4 0-1

[Event "AUTO-ADV-46"]
[Site "http://www.queenalice.com/game.php?id=15672"]
[Date "2005.6.9"]
[Round "1"]
[White "David33"]
[Black "felipepompeo"]
[Result "1-0"]
[WhiteElo "1950"]
[BlackElo "1716"]

1. e4 e5 2. Nf3 d6 3. d4 exd4 4. Nxd4 a6 5. Nc3 g6 6. Be3 Bg7 7. Qd2 Be6 8. Nxe6
fxe6 9. O-O-O Nc6 10. f4 Nge7 11. Be2 Qd7 12. Bg4 h5 13. Bh3 Nb4 14. Kb1 O-O-O
15. Bd4 Bxd4 16. Qxd4 c5 17. Qc4 d5 18. Qxc5+ Nec6 19. exd5 Qd6 20. Qxd6 Rxd6
21. dxc6 Rxc6 22. a3 Nd5 23. Nxd5 Kb8 24. Ne7 Rc5 25. Nxg6 Rh6 26. Ne5 Rb5 27.
b4 a5 28. c4 Rb6 29. Nd7+ Kc7 30. Nxb6 Kxb6 31. Rd6+ Kc7 32. Rhd1 axb4 33. axb4
Rf6 34. Rd7+ Kb8 35. g3 h4 36. Bg2 Rg6 37. Rxb7+ Kc8 38. Rdd7 Rg8 39. Rf7 Rd8
40. Rfc7# 1-0

[Event "AUTO-ADV-46"]
[Site "http://www.queenalice.com/game.php?id=15673"]
[Date "2005.6.9"]
[Round "1"]
[White "felipepompeo"]
[Black "diego2907"]
[Result "1-0"]
[WhiteElo "1660"]
[BlackElo "1711"]

1. e4 e5 2. Qh5 Nc6 3. Bb5 Nf6 4. Qg5 h6 5. Qf5 d6 6. Bxc6+ bxc6 7. Qf3 c5 8.
Nc3 Bg4 9. Qe3 Bd7 10. h3 Be7 11. d3 Rb8 12. Qg3 Nh5 13. Qf3 Nf6 14. Nge2 c6 15.
g4 Be6 16. b3 d5 17. g5 hxg5 18. Bxg5 Nh5 19. Bxe7 Qxe7 20. h4 Rh6 21. Ng3 Nf4
22. O-O-O Rf6 23. Nh5 Nxh5 24. Qxh5 Rd8 25. Qh8+ Kd7 26. Qxg7 Rg6 27. Qxe5 Rh8
28. Qxh8 d4 29. Na4 f5 30. e5 Bd5 31. Rhg1 Bf7 32. Rxg6 Bxg6 33. h5 Qg5+ 34. Kb2
Bxh5 35. Nxc5+ Ke7 36. Rh1 Qd2 37. Qf6+ Ke8 38. Qe6+ Kf8 39. Nd7+ Kg7 40. Qf6+
Kh7 41. Nf8+ Kg8 42. Rg1+ Bg4 43. e6 Qxf2 44. Qf7+ Kh8 45. Qh7# 1-0

[Event "AUTO-ADV-46"]
[Site "http://www.queenalice.com/game.php?id=15674"]
[Date "2005.6.9"]
[Round "1"]
[White "diego2907"]
[Black "felipepompeo"]
[Result "1-0"]
[WhiteElo "1653"]
[BlackElo "1714"]

1. e4 e5 2. Bc4 Qh4 3. Qf3 Nf6 4. d3 Bb4+ 5. Bd2 a5 6. a3 Bc5 7. Be3 Bxe3 8.
Qxe3 d6 9. Nd2 Qg4 10. g3 b6 11. h3 Qd7 12. Ngf3 h6 13. O-O-O Ba6 14. d4 Qa4 15.
Bb3 Qd7 16. dxe5 Ng8 17. exd6 Qxd6 18. e5 Qc6 19. e6 fxe6 20. Bxe6 Ne7 21. Bb3
Nd7 22. Rhe1 Qf6 23. Nd4 O-O-O 24. Ne4 Qg6 25. Qc3 Nc5 26. Nxc5 Qg5+ 27. Kb1
Qxc5 28. Qxc5 bxc5 29. Ne6 Rxd1+ 30. Rxd1 c4 31. Ba4 Nf5 32. g4 Nd6 33. Nxg7 c3
34. bxc3 Ne4 35. Bd7+ Kb7 36. Kb2 Nxf2 37. Rd5 Nxh3 38. Rxa5 Be2 39. Ne6 Rg8 40.
Nd4 Bf1 41. Rh5 Rg7 42. Bc6+ Kb6 43. Rxh6 Rg8 44. Bd5+ Kc5 45. Bxg8 1-0

[Event "Challenge v2"]
[Site "http://www.queenalice.com/game.php?id=21465"]
[Date "2005.7.26"]
[Round "-"]
[White "felipepompeo"]
[Black "hugom"]
[Result "1-0"]
[WhiteElo "1660"]
[BlackElo "1187"]

1. e4 e5 2. d4 Nc6 3. d5 Nd4 4. a3 Nf6 5. Bg5 d6 6. h3 b5 7. Nc3 a6 8. Be3 c5 9.
dxc6 Nxc6 10. Nf3 h6 11. Qd3 Be6 12. b3 Rb8 13. a4 Nb4 14. Qd2 d5 15. Nxe5 Bd6
16. Bf4 Nh5 17. Bh2 f6 18. Ng6 Rg8 19. axb5 dxe4 20. Bxd6 Rb6 21. Bxb4 Rb7 22.
Qxd8+ Kxd8 23. Rxa6 Kd7 24. Rd6+ Ke8 25. Be2 Ra7 26. O-O e3 27. Bxh5 e2 28.
Rxe6+ Kd7 29. Rxe2 f5 30. Rd1+ Kc8 31. Ne7+ Rxe7 32. Rxe7 g6 33. Bf3 g5 34. Bh5
g4 35. hxg4 fxg4 36. Rdd7 Rg5 37. Rc7+ Kd8 38. Red7# 1-0

[Event "Challenge from Floripa"]
[Site "http://www.queenalice.com/game.php?id=22447"]
[Date "2005.8.3"]
[Round "-"]
[White "felipepompeo"]
[Black "Tito"]
[Result "1-0"]
[WhiteElo "1639"]
[BlackElo "1327"]

1. e4 e5 2. d4 exd4 3. Qxd4 Qf6 4. Qc4 Qe6 5. Qxc7 Qxe4+ 6. Be3 Qb4+ 7. Qc3
Qxc3+ 8. Nxc3 Nc6 9. a3 Nf6 10. Nf3 b6 11. Nb5 Nd5 12. O-O-O a6 13. Rxd5 axb5
14. Rxb5 Ra5 15. Rxb6 Bc5 16. Bxc5 Rxc5 17. Ba6 Bxa6 18. Rxa6 O-O 19. Rd1 Ne5
20. Nxe5 Rxe5 21. b4 d5 22. a4 Rc8 23. b5 g5 24. a5 Re2 25. Rd2 Re1+ 26. Kb2 Re6
27. Ra7 Kg7 28. b6 Rb8 29. b7 h5 30. a6 Rb6+ 31. Ka3 Rxa6+ 32. Rxa6 Rxb7 33.
Rxd5 f6 34. c4 Rb1 35. Ka2 Rc1 36. c5 Rc2+ 37. Kb3 Rxf2 38. Ra2 1-0

[Event "Invitation"]
[Site "http://www.queenalice.com/game.php?id=22579"]
[Date "2005.8.4"]
[Round "-"]
[White "felipepompeo"]
[Black "volmar"]
[Result "1-0"]
[WhiteElo "1746"]
[BlackElo "1316"]

1. e4 e5 2. d4 Nc6 3. d5 Nd4 4. a3 c6 5. Be3 Nb5 6. Bxb5 Qa5+ 7. Nc3 cxb5 8. Nf3
b4 9. axb4 Qxb4 10. O-O Qxb2 11. Qd3 Bb4 12. Nb5 Kf8 13. Rfb1 Qxb1+ 14. Rxb1 a5
15. Nc7 Rb8 16. Ba7 Bd6 17. Bxb8 1-0

[Event "Challenge v3"]
[Site "http://www.queenalice.com/game.php?id=22902"]
[Date "2005.8.6"]
[Round "-"]
[White "felipepompeo"]
[Black "volmar"]
[Result "0-1"]
[WhiteElo "1682"]
[BlackElo "1515"]

1. e4 e5 2. d4 d6 3. d5 c5 4. dxc6 Nxc6 5. Bb5 a6 6. Bxc6+ bxc6 7. h3 Bb7 8. Nc3
d5 9. Nf3 f6 10. O-O d4 11. Na4 c5 12. c4 Bxe4 13. a3 Bf5 14. Nh4 g6 15. Nxf5
gxf5 16. Qh5+ Ke7 17. Qxf5 d3 18. Nxc5 Qc8 19. Qxc8 Rxc8 20. Nxd3 Rxc4 21. Bd2
Ke8 22. Bc3 e4 23. Nc1 h6 24. Nb3 Rh7 25. Rfd1 f5 26. Nd4 f4 27. Ne6 Rf7 28. Rd4
Rxd4 29. Bxd4 f3 30. g3 Rb7 31. b4 Ne7 32. Bc5 h5 33. Rd1 Rb8 34. Nc7+ Kf7 35.
Nxa6 Ra8 36. b5 Nf5 37. Bxf8 Kxf8 38. g4 hxg4 39. hxg4 Ng3 40. Rb1 Ne2+ 41. Kf1
Nc3 42. Re1 Kf7 43. a4 Rh8 44. Kg1 Ne2+ 45. Rxe2 fxe2 46. Kg2 e1=Q 47. Kg3 Kf6
48. Nc5 Kg5 49. Ne6+ Kf6 50. Nf4 Qg1+ 51. Ng2 Ke5 52. f4+ exf3 53. g5 Qxg2# 0-1

[Event "Challenge v3 ... e tentando ..."]
[Site "http://www.queenalice.com/game.php?id=24740"]
[Date "2005.8.19"]
[Round "-"]
[White "hugom"]
[Black "felipepompeo"]
[Result "0-1"]
[WhiteElo "1357"]
[BlackElo "1679"]

1. d4 e6 2. e4 e5 3. Bc4 exd4 4. Nf3 Bb4+ 5. c3 dxc3 6. O-O Be7 7. Qd5 Nh6 8.
Bxh6 O-O 9. Nxc3 c6 10. Qh5 d6 11. e5 g6 12. Bxf8 gxh5 13. Bxe7 Qxe7 14. h4 d5
15. Bb3 f6 16. Rae1 Bg4 17. Re3 Bxf3 18. exf6 Qxf6 19. Rxf3 Qxh4 20. Re1 Nd7 21.
Na4 Rf8 22. Nc3 Rxf3 23. gxf3 Qg5+ 24. Kh2 Ne5 25. Ne4 Nxf3+ 26. Kh1 Qh4+ 27.
Kg2 Nxe1+ 28. Kf1 Qh1+ 29. Ke2 Qxe4+ 30. Kf1 h4 31. a3 h3 32. Kg1 Qg2# 0-1

[Event "Challenge"]
[Site "http://www.queenalice.com/game.php?id=26064"]
[Date "2005.8.26"]
[Round "-"]
[White "felipepompeo"]
[Black "mbazeggio"]
[Result "1/2-1/2"]
[WhiteElo "1693"]
[BlackElo "1435"]

1. e4 e5 2. d4 d5 3. dxe5 dxe4 4. Qxd8+ Kxd8 5. a3 Nc6 6. e6 Bxe6 7. Nc3 Nd4 8.
Bg5+ Be7 9. Bxe7+ Nxe7 10. O-O-O Nc6 11. Bb5 Ke7 12. Bxc6 Nxc6 13. Nxe4 Rhd8 14.
Ne2 Bd5 15. N2c3 Bxe4 16. Nxe4 Rxd1+ 17. Rxd1 Rd8 18. Ng5 Rxd1+ 19. Kxd1 h6 20.
Ne4 f5 1/2-1/2

[Event "sampa"]
[Site "http://www.queenalice.com/game.php?id=38158"]
[Date "2005.11.16"]
[Round "-"]
[White "silvaguimaraes"]
[Black "felipepompeo"]
[Result "1-0"]
[WhiteElo "1702"]
[BlackElo "1643"]

1. e4 e5 2. Bc4 Qh4 3. Nf3 Qxe4+ 4. Be2 d6 5. Nc3 Qg6 6. Bf1 Be7 7. Nd5 Kd8 8.
b3 Bg4 9. d3 e4 10. dxe4 Qxe4+ 11. Ne3 Bxf3 12. gxf3 Qe5 13. Rb1 Nc6 14. Bb2
Qa5+ 15. c3 Bg5 16. a3 1-0

[Event "Challenge"]
[Site "http://www.queenalice.com/game.php?id=47961"]
[Date "2006.1.14"]
[Round "-"]
[White "DenisDiaz"]
[Black "felipepompeo"]
[Result "1-0"]
[WhiteElo "1662"]
[BlackElo "1621"]

1. e4 e5 2. Nf3 d6 3. d4 exd4 4. Nxd4 a6 5. Bc4 g6 6. Qf3 Qf6 7. Qxf6 Nxf6 8.
Nc3 b5 9. Bb3 c5 10. Nf3 c4 11. Bxc4 bxc4 12. Bg5 Be7 13. O-O Bb7 14. Rfe1 O-O
15. e5 dxe5 16. Rxe5 Bxf3 17. Rxe7 Nbd7 18. Bxf6 Nxf6 19. gxf3 Rfd8 20. Ne4 Nd5
21. Rb7 a5 22. a3 a4 23. Rd1 Nf4 24. Rbd7 Rdb8 25. Ng5 f5 26. Rxh7 Rxb2 27. Rh4
Ne2+ 28. Kf1 Rxc2 29. Rd7 Re8 30. Nf7 Rc1+ 31. Kg2 Rg1+ 32. Kh3 Kg7 33. Nd6+ Kf6
34. Nxe8+ Kg5 35. Rxc4 Nf4+ 36. Rxf4 Kxf4 37. Rd4+ Kxf3 38. Rxa4 g5 39. Nd6 f4
40. Ne4 Rg4 41. Nd2+ 1-0

[Event "Challenge"]
[Site "http://www.queenalice.com/game.php?id=50220"]
[Date "2006.1.30"]
[Round "-"]
[White "volmar"]
[Black "felipepompeo"]
[Result "1-0"]
[WhiteElo "1649"]
[BlackElo "1607"]

1. e4 e5 2. Qf3 b6 3. Bc4 Nf6 4. g4 d5 5. exd5 Bxg4 6. Qg2 g6 7. d6 Nbd7 8. dxc7
Qxc7 9. Qxa8+ Nb8 10. Nc3 Bd7 11. Bb5 Bxb5 12. Nxb5 Qd8 13. Nxa7 Nfd7 14. Nc6
Qc7 15. Nxb8 Nxb8 16. c3 Bh6 17. Qa4+ Nd7 18. d4 Bxc1 19. Rxc1 exd4 20. Qxd4 O-O
21. Ne2 Nc5 22. b4 Ne6 23. Qh4 Qe5 24. Kf1 Kg7 25. Ng3 Nf4 26. Rg1 Re8 27. Qxf4
Qxf4 28. Nh5+ Kh6 29. Nxf4 g5 30. Nd5 Re6 31. b5 Kh5 32. Re1 Rd6 33. Re5 f6 34.
Rf5 Kg6 35. Ne7+ Kf7 36. Nc6 Ke6 37. Rf3 h5 38. h3 Rd5 39. a4 Rc5 40. Kg2 g4 41.
hxg4 hxg4 42. Re3+ Kf5 43. Kg3 Kg5 44. Rh1 f5 45. f4+ gxf3 46. Kxf3 Rc4 47. Nb4
Rf4+ 48. Ke2 Rg4 49. Re6 Kf4 50. Rxb6 Rg2+ 51. Kd3 Kg5 52. a5 f4 53. a6 Rg3+ 54.
Kc4 f3 55. a7 Rg4+ 56. Kb3 Rh4 57. Rf1 Rh8 58. Rb8 Rh3 59. a8=Q Kf4 60. Qd5 1-0

[Event "Pompeletti"]
[Site "http://www.queenalice.com/game.php?id=53273"]
[Date "2006.2.16"]
[Round "-"]
[White "felipepompeo"]
[Black "mbazeggio"]
[Result "0-1"]
[WhiteElo "1593"]
[BlackElo "1498"]

1. e4 e5 2. d4 exd4 3. Qxd4 Nc6 4. Qe3 d6 5. Bb5 Bd7 6. Bxc6 Bxc6 7. Nc3 Qe7 8.
f3 g6 9. Qd4 Nf6 10. Bg5 Bg7 11. Bxf6 Bxf6 12. Qe3 Bxc3+ 13. Qxc3 O-O-O 14. Qd4
f5 15. O-O-O fxe4 16. Qxa7 Qg5+ 17. Rd2 e3 18. Re2 Bb5 19. Qxe3 Qd5 20. Rd2 Qxa2
21. Rd1 Qa1+ 22. Kd2 Qxb2 23. Ne2 Rde8 24. Qxe8+ Rxe8 25. Ng3 Qb4+ 0-1